00378nam a2200133Ia 4500003000400000005001700004008004100021040000900062082002200071100002100093245006300114260005800177300000900235OSt20200610141342.0190216s9999||||xx |||||||||||||| ||und|| coclc a294.551209bJAI/O aJaiswal, Suvira  4aThe Origin And Development Of Vaisnavism /cSuvira Jaiswal bMunshiram Manoharlal Pub Pvt Ltd,c1980.aNew Delhi: a290p